01442cam a22002654a 45000010005000000030006000050050017000110080041000280100017000690200030000860200018001160200030001340400023001640500018001870820016002051000026002212450043002472600035002903000048003254900016003735040059003895050585004486500080010336510063011136343FISKH20250423093436.0101026s2011 nyua j b 001 0 eng  a 2010045930 a9780531206287 (hardcover) a9780531289976 a9780531290279 (softcover) aDLCcDLCdDLCbeng aQE523.K73 B46 a551.21095981 aBenoit, Peter,d1955-14aThe Krakatau eruption /cPeter Benoit. aNew York :bScholastic,c2011. a48 pages : bcolor illustrations ; c22 cm 0 aA true book aIncludes bibliographical references (p. 44) and index.0 aAn amazing explosion : what makes Krakatau a famous volcanic island? -- Events leading up to August 1883 : what was the period just before the big blast like? -- A day of destruction : what exactly happened on August 27, 1883? -- The big truth : experiencing a volcano's fury : what was it like to live through the destruction of Krakatau? -- Other effects of the eruptions : how did the eruptions on Krakatau change climate and geography? -- Keeping an eye on Krakatau : what do scientists think about the 1883 eruptions and future dangers? -- True statistics -- Important words. 0aVolcanoeszIndonesiazKrakatoaxHistoryy19th centuryvJuvenile literature. 0aKrakatoa (Indonesia)xEruption, 1883vJuvenile literature.